US Vice Presidents - True or False - Statistics

General Stats
  • This quiz has been taken 18 times
  • The average score is 9 of 15
Answer Stats
Question Answer % Correct
Gerald Ford (Richard Nixon) wasn't elected to be vice president True
88%
If both the President and Vice President dies in office, the Speaker of the House becomes president True
88%
Hannibal Hamlin (Abraham Lincoln) was the first republican vice president True
88%
John Tyler (William H. Harrison) was the longest serving vice president False
76%
Dick Cheney (George W. Bush) shot someone in the face True
76%
Thomas Jefferson was the first vice president False
71%
There is a two-term limit for vice presidents False
71%
The first few vice presidents were chosen by the runner-up of the Presidential Election True
71%
Adlai Stevenson (Grover Cleveland) served as vice president for both of Grover Cleveland's separated terms False
65%
No vice president has ever served for two different presidents False
53%
Aaron Burr (Thomas Jefferson) committed treason against the United States True
53%
Charles Dawes (Calvin Coolidge) had a Billboard #1 Hit True
41%
Al Gore (Bill Clinton) claimed he "Invented the Internet" False
24%
John C. Breckenridge (James Buchanan) had no military experience False
24%
Kamala Harris (Joe Biden) was the first non-white vice president False
6%
No matching quizzes found
Score Distribution
Percent of People with Each Score
Percentile by Number Answered
Your Score History
You have not taken this quiz